000 00881nam a2200265 i 4500
001 21747
003 ES-MaACL
005 20260222063015.0
007 t|
008 021127s1985 sp ||||1| spa d
020 _a84-7600-044-8
100 1 _aAlciati, Andrea,
_d1492-1550
_919545
245 1 0 _aEmblemas /
_cAlciato ; edición y comentario, Santiago Sebastián ; prólogo, Aurora Egido ; traducción actualizada, Pilar Pedraza.
260 _aMadrid :
_bAkal,
_c[1985]
300 _a278 p. :
_bil. ;
_c24 cm.
490 1 _aAkal/arte y estética ;
_v2
500 _aIndices.
650 0 7 _aEmblemas
_2embne
_910095
700 1 _aSebastián López, Santiago.
_9105017
700 1 _aEgido, Aurora.
_946731
700 1 _aPedraza, Pilar.
_989887
830 0 0 _aArte y estética (Akal)
_v2
_9179390
852 _aES-MaACL
_jL-8519
_bR.108985
999 _c21747
_d21747